00876 2200301 4500001002100000005001500021035002000036007000300056008004100059020002200100040002200122082001200144084001400156090002200170100003300192245005900225250003300284300003800317650002000355850001200375504003300387264003600420336002100456337003000477338002300507999002200530990002200552INLIS00000000086377820210818012138 a0010-0821000477ta210818s2021 yoia g ind d a978-623-228-952-9 aYOPDYOGbinderda04223a597 a597 NUG i aCB-D.11 2021-07641 aNugroho Susanto, G.epenulis10aIchtyologi biologi ikan /cpenulis, G. Nugroho Susanto aEdisi kedua, Cetakan I: 2021 ax, 144 halaman :bgambar ;c24 cm 4aIkan--xBiologi aYOPDYOG aBibliografi: halaman 125-12831aYogyakarta :bGraha Ilmu,c2021 2rdacontentateks 2rdamediaatanpa perantara 2rdacarrieravolume aCB-D.11/2021-0764 aCB-D.11/2021-0764